000 00417nam a2200145Ia 4500
008 211109s9999||||xx |||||||||||||| ||und||
082 _a894.8123
_bMUK-N
100 _aMukundan, M
245 0 _aNagnanaya Thampuran
260 _bMalayalam Publications
_aCalicut
_c1989
300 _a56p
630 _xGENERAL STACK
650 _aMalayalam literature
_vMalayalam fiction
_xLiterature & rhetoricMalayalam
942 _cBOOK
999 _c45140
_d45140